[Event "Manizales-ch"]
[Site "Manizales"]
[Date "2016.09.11"]
[Round "9"]
[White "Ballesteros, Andres Felipe"]
[Black "Gomez, Carlos Andres"]
[Result "0-1"]
[WhiteElo "1622"]
[BlackElo "1624"]
[PlyCount "68"]
[EventDate "2016.09.05"]
[EventType "swiss"]
[EventRounds "9"]
[EventCountry "COL"]
[SourceTitle "CBM 174 Extra"]
[Source "ChessBase"]
[SourceDate "2016.10.10"]
[SourceVersion "1"]
[SourceVersionDate "2016.10.10"]
[SourceQuality "1"]

1. c4 Nf6 2. Nf3 c5 3. g3 Nc6 4. Bg2 g6 5. Nc3 d6 6. a3 Bg7 7. 0-0 0-0 8. Rb1 Rb8 9. b4 Be6 10. d3 Nd7 11. Bd2 Qc7 12. Qc1 f6 13. Bf4 b6 14. Nd2 Bf7 15. Nb5 Qc8 16. Bxc6 Qxc6 17. Nxa7 Qb7 18. Nb5 g5 19. Be3 Ne5 20. f3 f5 21. Bxg5 h6 22. Bf4 Kh7 23. bxc5 dxc5 24. a4 Ng6 25. Bxb8 Qxb8 26. e4 f4 27. Qe1 fxg3 28. Qxg3 Be5 29. Qg4 Rg8 30. Qf5 Be6 31. Qxe6 Nf4+ 32. Qxg8+ Qxg8+ 33. Kf2 Qg2+ 34. Ke1 Qe2# 0-1

[Event "Manizales-ch"]
[Site "Manizales"]
[Date "2016.09.08"]
[Round "4"]
[White "Gomez, Carlos Andres"]
[Black "Rios, David"]
[Result "0-1"]
[WhiteElo "1624"]
[BlackElo "1873"]
[PlyCount "106"]
[EventDate "2016.09.05"]
[EventType "swiss"]
[EventRounds "9"]
[EventCountry "COL"]
[SourceTitle "CBM 174 Extra"]
[Source "ChessBase"]
[SourceDate "2016.10.10"]
[SourceVersion "1"]
[SourceVersionDate "2016.10.10"]
[SourceQuality "1"]

1. e4 e5 2. Nf3 d6 3. d4 Bg4 4. Bc4 Nc6 5. c3 Bxf3 6. Qxf3 Qf6 7. Be3 Qxf3 8. gxf3 f6 9. Rg1 Nge7 10. Nd2 a6 11. f4 exd4 12. cxd4 Nb4 13. Rc1 d5 14. Be2 0-0-0 15. a3 Nbc6 16. e5 f5 17. b4 b5 18. Nb3 g6 19. Nc5 Nb8 20. Kd2 c6 21. a4 Ng8 22. axb5 axb5 23. Rc2 Bxc5 24. bxc5 Rd7 25. Ra2 Rb7 26. Rga1 Ne7 27. Ke1 h6 28. Ra7 Rh7 29. Bd2 Ng8 30. Ra8 Kd7 31. Bd3 Ke6 32. h4 h5 33. Ke2 Nh6 34. f3 Ng8 35. Rg1 Rhg7 36. Ba5 Ne7 37. Bd8 Nc8 38. Bf6 Rg8 39. Rg5 Kf7 40. Kf2 b4 41. Ra1 b3 42. Rgg1 Nd7 43. Bg5 Na7 44. Rab1 Rgb8 45. Ba6 Rb4 46. e6+ Kxe6 47. Rge1+ Kf7 48. Re7+ Kg8 49. Rxd7 Nb5 50. Bxb5 R8xb5 51. Ra1 b2 52. Rb1 Rxd4 53. Rg7+ Kxg7 0-1

[Event "Manizales Castro Memorial"]
[Site "Manizales"]
[Date "2015.12.19"]
[Round "5"]
[White "Gomez, Carlos Andres"]
[Black "Pelaez, Hernan"]
[Result "1-0"]
[WhiteElo "1600"]
[BlackElo "1796"]
[PlyCount "111"]
[EventDate "2015.12.17"]
[EventType "swiss"]
[EventRounds "7"]
[EventCountry "COL"]
[SourceTitle "CBM 170 Extra"]
[Source "ChessBase"]
[SourceDate "2016.02.25"]
[SourceVersion "1"]
[SourceVersionDate "2016.02.25"]
[SourceQuality "1"]

1. e4 g6 2. Nf3 Nh6 3. Bc4 Bg7 4. d4 0-0 5. Nc3 e6 6. h3 c6 7. Bg5 f6 8. Be3 d5 9. Bb3 b5 10. a3 a5 11. Nd2 Na6 12. 0-0 Nf7 13. f3 Nd6 14. exd5 exd5 15. Nxd5 Nc4 16. Nc3 Be6 17. Bxc4 bxc4 18. Nde4 Rb8 19. Qc1 Re8 20. Rd1 Bf7 21. Kh1 Nc7 22. Bf4 Rb7 23. Nd6 Ra7 24. Nxe8 Qxe8 25. Re1 Qd7 26. Qe3 Nd5 27. Qd2 g5 28. Bg3 h5 29. Ne4 g4 30. Kh2 gxf3 31. gxf3 Qf5 32. Nd6 Qxf3 33. Nxf7 Rxf7 34. Qe2 Qf5 35. Qe8+ Rf8 36. Qe6+ Qxe6 37. Rxe6 f5 38. Be5 Rf7 39. Rg1 f4 40. Reg6 f3 41. Rxg7+ Kf8 42. Rxf7+ Kxf7 43. Kg3 Ne3 44. c3 Ke6 45. Kxf3 Nf5 46. Kf4 Nh4 47. Rg5 c5 48. Kg3 cxd4 49. cxd4 Nf5+ 50. Rxf5 Kxf5 51. Kh4 Kg6 52. d5 Kf5 53. d6 Kxe5 54. d7 Kd4 55. d8Q+ Kc5 56. Qxa5+ 1-0